| 000 | 00658nam a2200193Ia 4500 | ||
|---|---|---|---|
| 003 | GCL | ||
| 008 | 140319s9999 xx 000 0 ara d | ||
| 040 |
_aGCL / _cGCL |
||
| 082 | 0 | 4 |
_a214.3 _bا ا |
| 100 | 1 | _aاحمد شوقى الفنجرى | |
| 245 | 1 | 0 |
_aالاختلاط فى الدين وفى التاريخ وفى علم الاجتماع / _cاحمد شوقى الفنجرى |
| 300 | _a207 ص | ||
| 490 |
_aدراسات اسلامية _v0 |
||
| 650 | 0 | 4 | _aالاسلام والمجتمع |
| 650 | 0 | 4 | _aالاسلام والعلم |
| 650 | 0 | 4 | _aالاجتماع الدينى، علم |
| 650 | 0 | 4 | _aالاسلام والتاريخ |
| 942 |
_2ddc _cBK |
||
| 999 |
_c50148 _d50148 |
||